000 00485nam a2200181Ia 4500
008 120718t1963 xxu||||| |||| 00| 0 sin d
041 _asin
080 _a8 S 03:820.31
_bBAL
100 _aBallantyne,R.M.
245 _aමාර්ටින් රුට්ලර්
246 _aMartin Rattler
260 _aGunasena
_aColombo
_c1963
300 _b217p, 18 cm
700 _aWijewickrema,Sunil G.
_etr.
942 _cBK
999 _c39560
_d39560
003 LK-CoDNM
040 _aLK-CoDNM
_dLK-CoDNM
_eLK-CoDNM